| 000 | 01442nam a2200241Ia 4500 | ||
|---|---|---|---|
| 999 |
_c35254 _d35254 |
||
| 001 | 1102 | ||
| 003 | GE_BSU | ||
| 005 | 20220920102026.0 | ||
| 008 | 181216s2003||||ge |||||||||||||| ||geo|| | ||
| 010 | _a812001065 | ||
| 040 | _cGE_BSU | ||
| 041 | _ageo | ||
| 080 | _a632.51+632.913.1 ბ–35 | ||
| 100 |
_aბუაჩიძე, კარლო _914627 |
||
| 245 |
_aსაკარანტინო სარეველა მცენარეები და მათთან ბრძოლის ღონისძიებები / _cკარლო ბუაჩიძე, ასმათ ბუაჩიძე, თენგიზ ტაბატაძე ; საქ.სახ. აგრარ. უნივ.-ტი ; [ რედ.-ბი : ზ. ლიპარტია, გ. ცაგურიშვილი ; რეცენ.-ბი : ლ. ყანჩაველი, ზ. ტყებუჩავა ]. |
||
| 264 |
_aთბილისი, _c2003. |
||
| 300 |
_a224 გვ.: _b15ფ. ილ.; |
||
| 653 | _aსარეველებთან ბრძოლა; სასოფლო-სამეურნეო მცენარეთა კარანტინი | ||
| 653 | _aსოფლის მეურნეობა | ||
| 700 |
_aბუაჩიძე, ასმათ _eავტორი _914628 |
||
| 700 |
_aტაბატაძე,თენგიზ _eავტორი _914629 |
||
| 942 |
_cBK _2udc |
||